| 000 | 00810nam a22002297a 4500 | ||
|---|---|---|---|
| 999 |
_c8900 _d8900 |
||
| 003 | AR-CdUCM | ||
| 008 | 190326b ||||| |||| 00| 0 spa d | ||
| 020 | _a84-7846-106-X | ||
| 040 |
_aMUNICIPALIDAD PROVINCIAL DEL CUSCO _cBIBLIOTECA MUNICIPAL DEL CUSCO |
||
| 082 |
_a194 / _bJ26 |
||
| 100 |
_aJalón, Mauricio _924734 |
||
| 245 | _aLa plaza de las ciencias / | ||
| 260 |
_aSalamanca : _bEuropa artes gráficas, _c1991. |
||
| 300 |
_a349 páginas ; _c21 cm. |
||
| 440 |
_aJunta de Castilla y León _924735 |
||
| 505 | _aContenido: Paralelos y polémicas sin fin -- recuerdo de los antiguos -- recuperaciones -- La absorción del pasado -- Imposturas del espejo mental... | ||
| 650 |
_aNaturaleza _94241 |
||
| 650 |
_aCiencia _92098 |
||
| 650 |
_aEnseñanza _91616 |
||
| 942 |
_2ddc _cLIBROS |
||
| 945 | _adavv | ||